000 00245nam a2200121Ia 4500
100 _a#N/A
942 _cBK
245 _aNISES Control System Engineering by Rajeev Gupta
260 _b#N/A
082 _b22325
546 _aENGLISH
999 _c26315
_d26315